Statistics for Simpsons Characters (main characters)

Click here to take the quiz!

General Stats

  • This quiz has been taken 98 times
    (78 since last reset)
  • The average score is 10 of 12

Answer Stats

Answer% Correct
SimpsonBart Simpson
100%
SimpsonHomer Simpson
100%
SimpsonLisa Simpson
97%
SimpsonMarge Simpson
95%
SimpsonMaggie Simpson
93%
He owns a tavenMoe
91%
Quicky Mart shopkeeperApu
85%
He owns a power plantMr Burns
82%
A clownKrusty The Clown
73%
Mr Burns's assistantSmithers
73%
ReligiousNed Flanders
66%
A friend of BartMilhouse Van Houten
59%

Score Distribution

Percentile by Number Answered

Percent of People with Each Score

Your Score History

You have not taken this quiz since the last reset